[Event "Almansa op-A 13th"]
[Site "Almansa"]
[Date "2018.08.05"]
[Round "7.5"]
[White "Martinez Ival, Carlos"]
[Black "Silva Rodriguez, Fernando"]
[Result "1/2-1/2"]
[WhiteElo "2178"]
[BlackElo "2239"]
[PlyCount "102"]
[EventDate "2018.08.02"]
[EventType "swiss"]
[EventRounds "7"]
[EventCountry "ESP"]
[SourceTitle "EXT 2024"]
[Source "ChessBase"]
[SourceDate "2023.10.10"]
[SourceVersion "1"]
[SourceVersionDate "2023.10.10"]
[SourceQuality "1"]

1. e4 e5 2. Nf3 Nc6 3. Bb5 a6 4. Ba4 Nf6 5. 0-0 Be7 6. Re1 b5 7. Bb3 d6 8. c3 0-0 9. h3 h6 10. d3 Re8 11. Nbd2 Bf8 12. Nf1 Na5 13. Bc2 c5 14. N3h2 d5 15. Qf3 d4 16. Ng3 Nc6 17. Nf5 Kh7 18. Ng4 Nxg4 19. hxg4 Be6 20. g3 g6 21. Kg2 gxf5 22. gxf5 Qf6 23. Qh5 Ne7 24. fxe6 Qxe6 25. Rh1 Bg7 26. Bd2 Qg6 27. Qf3 f5 28. a4 fxe4 29. dxe4 Rf8 30. Qe2 c4 31. Qe1 Ng8 32. Rh4 Bf6 33. Rh2 Bg5 34. f4 Bxf4 35. Bxf4 exf4 36. cxd4 fxg3 37. Qxg3 Qxg3+ 38. Kxg3 Kg7 39. axb5 axb5 40. Rxa8 Rxa8 41. Rh5 Rd8 42. Rxb5 Rxd4 43. Rd5 Rxd5 44. exd5 Nf6 45. d6 Kf7 46. Bf5 Nd5 47. Kf3 Nb6 48. Ke4 Na4 49. Kd5 Ke8 50. Kxc4 Nxb2+ 51. Kd4 Na4 1/2-1/2

[Event "Capablanca Memorial op-B 48th"]
[Site "Havana"]
[Date "2013.04.24"]
[Round "4"]
[White "Martinez Ival, Carlos"]
[Black "Garcia Herrera, Enrique Ric"]
[Result "1-0"]
[WhiteElo "2129"]
[BlackElo "1556"]
[PlyCount "49"]
[EventDate "2013.04.21"]
[EventType "swiss"]
[EventRounds "9"]
[EventCountry "CUB"]
[SourceTitle "CBM 154 Extra"]
[Source "ChessBase"]
[SourceDate "2013.06.25"]
[SourceVersion "2"]
[SourceVersionDate "2013.06.25"]
[SourceQuality "1"]

1. e4 c5 2. Nf3 e6 3. d4 cxd4 4. Nxd4 a6 5. Bd3 Nc6 6. Nxc6 bxc6 7. 0-0 d6 8. Nd2 Nf6 9. b3 Be7 10. Bb2 0-0 11. Kh1 Qc7 12. f4 Re8 13. e5 Nd7 14. Rf3 dxe5 15. Bxh7+ Kxh7 16. Rh3+ Kg8 17. Qh5 f6 18. Qxe8+ Nf8 19. fxe5 Bb7 20. Qh5 f5 21. Ne4 g6 22. Qh8+ Kf7 23. Nf6 Bxf6 24. exf6 Ke8 25. Qxf8+ 1-0

[Event "Havana Province zt"]
[Site "Havana"]
[Date "2010.02.22"]
[Round "3"]
[White "Lopez Gonzalez, Abel Fabian"]
[Black "Martinez Ival, Carlos"]
[Result "0-1"]
[WhiteElo "1965"]
[BlackElo "2108"]
[PlyCount "58"]
[EventDate "2010.02.20"]
[EventType "swiss"]
[EventRounds "9"]
[EventCountry "CUB"]
[SourceTitle "EXT 2011"]
[Source "ChessBase"]
[SourceDate "2010.11.26"]
[SourceVersion "1"]
[SourceVersionDate "2010.11.26"]
[SourceQuality "1"]

1. e4 c5 2. Nc3 Nc6 3. g3 e5 4. Bg2 d6 5. d3 Be6 6. Be3 Nf6 7. h3 d5 8. exd5 Nxd5 9. Nxd5 Bxd5 10. Nf3 Be7 11. 0-0 0-0 12. Qd2 f6 13. c3 Qd7 14. Kh2 Rad8 15. Rfd1 Qf5 16. Nh4 Qe6 17. Bxd5 Rxd5 18. Qc2 Qd7 19. Rd2 f5 20. Ng2 f4 21. gxf4 exf4 22. Bxf4 Rxf4 23. Nxf4 Bd6 24. Kg2 Bxf4 25. Re2 Rg5+ 26. Kf3 Qxh3+ 27. Kxf4 Rf5+ 28. Ke4 Re5+ 29. Kf4 g5# 0-1

[Event "Havana Municipal-ch 12th"]
[Site "Havana"]
[Date "2009.09.22"]
[Round "7"]
[White "Martinez Ival, Carlos"]
[Black "Fernandez Mayola, Reynold Rafael"]
[Result "1/2-1/2"]
[WhiteElo "2098"]
[BlackElo "2052"]
[PlyCount "62"]
[EventDate "2009.09.15"]
[EventType "swiss"]
[EventRounds "11"]
[EventCountry "CUB"]
[EventCategory "1"]
[SourceTitle "EXT 2012"]
[Source "ChessBase"]
[SourceDate "2011.11.24"]
[SourceVersion "1"]
[SourceVersionDate "2011.11.24"]
[SourceQuality "1"]

1. Nf3 Nf6 2. c4 e6 3. d4 b6 4. a3 Bb7 5. Nc3 d5 6. cxd5 Nxd5 7. Qc2 Nd7 8. e4 Nxc3 9. bxc3 Be7 10. Bd3 c5 11. Qe2 Qc7 12. 0-0 0-0 13. Re1 Rac8 14. Bb2 Rfd8 15. Rad1 cxd4 16. cxd4 Bd6 17. e5 Be7 18. Nd2 Nf8 19. f4 Ng6 20. Qh5 Bxg2 21. Re3 f5 22. exf6 Qxf4 23. Qe2 Bd6 24. Rg3 Qxf6 25. Rxg2 Nf4 26. Qe4 Nxg2 27. Kxg2 Qg5+ 28. Kh1 Qh6 29. Qe2 Rf8 30. Ne4 Bf4 31. Rg1 Qh3 1/2-1/2

[Event "Havana Municipal-ch 12th"]
[Site "Havana"]
[Date "2009.09.15"]
[Round "1"]
[White "Martinez Ival, Carlos"]
[Black "Rodriguez Alfonso, Lianet"]
[Result "1-0"]
[WhiteElo "2098"]
[BlackElo "1888"]
[PlyCount "27"]
[EventDate "2009.09.15"]
[EventType "swiss"]
[EventRounds "11"]
[EventCountry "CUB"]
[EventCategory "1"]
[SourceTitle "EXT 2012"]
[Source "ChessBase"]
[SourceDate "2011.11.24"]
[SourceVersion "1"]
[SourceVersionDate "2011.11.24"]
[SourceQuality "1"]

1. e4 e5 2. Nf3 f5 3. Nxe5 Qf6 4. Nc4 b5 5. Ne3 fxe4 6. Nc3 a6 7. Nxe4 Qg6 8. Qf3 c6 9. d4 Nf6 10. Bd3 Nxe4 11. Bxe4 Qf7 12. Qg4 Be7 13. Nf5 0-0 14. Nh6+ 1-0